Project 4 Student's book

Gespeichert in:
Bibliographische Detailangaben
1. Verfasser: Hutchinson, Tom
Format: Buch
Sprache:Englisch
Veröffentlicht: Oxford Oxford University Press 2014
Ausgabe:1st publ.
Schlagworte:
Online-Zugang:Im OPAC anzeigen
Tags: Tag hinzufügen
Keine Tags, Fügen Sie das erste Tag hinzu!

MARC

LEADER 00000nam a2200000 a 4500
005 20260127134311.0
008 161010s2014 xxkoa g p 000 0 eng c
020 |a 9780194764582 (brož.) 
035 |a vtls011585169 
039 9 |a 201912021503  |b mschk03  |y 201610101427  |z mkpoh03 
040 |a POKPOH  |b slo  |c POKPOH  |d STUSCHK1  |e AACR2 
041 0 |a eng 
044 |a xxk  |c GB 
072 7 |a 811.111  |x Angličtina  |2 konspekt 
080 |a 811.111  |2 2011 
080 |a 37.091.3  |2 2011 
080 |a (075)  |2 2011 
100 1 |a Hutchinson, Tom 
245 1 0 |a Project  |n 4  |p Student's book  |c Tom Hutchinson 
246 3 0 |a Student's book 
250 |a 1st publ. 
260 |a Oxford  |b Oxford University Press  |c 2014 
300 |a 87 s.  |b fotogr., ilustr.  |c 28 cm 
650 0 7 |a angličtina  |2 SNKPH 
650 0 7 |a štúdium a výučba  |2 SNKPH 
650 0 7 |a CEF (Common European Framework)  |2 SNKPH 
650 0 7 |a English language  |2 SNKPHeng 
650 0 7 |a Study and teaching  |2 SNKPHeng 
655 7 |a učebnice  |2 SNKPH 
655 7 |a Textbooks  |2 SNKPHeng 
910 |a pokpoh 
910 |a SCHK95 
919 |a 978-0-19-476458-2 
999 |c 9207  |d 9207